00777 2200277 4500001002100000005001500021035002000036007000300056040001600059100002700075245007300102250001800175300003900193020001800232041000800250082000800258090001900266264004000285336002100325337003000346338002300376650002700399850001000426008004100436990002200477INLIS00000000000438020260526113459 a0010-0122000012ta aSBUPADbind0 aAbdul KadirePengarang1 aPemrograman Basis Data dengan Visual FoxPro (Jilid 2) /cAbdul Kadir a.-ed 1.cet.10 axii, 254 hal :billus. ;c16x23 cm a979-533-565-10 aind a005 a005 FAU j L1-8 a.--Yogyakarta :bANDI Offset,c2002 2rdacontentaTeks 2rdamediaaTanpa Perantara 2rdacarrieraVolume 4aPemrograman Basis Data aPUPAD260526 0  a21132/S/KAPD/2015